| 000 | 00439nam a2200169Ia 4500 | ||
|---|---|---|---|
| 003 | LK-CoDNM | ||
| 005 | 20240725101236.0 | ||
| 008 | 010623t1939 xxu||||| |||| 00| 1 eng d | ||
| 040 |
_aLK-CoDNM _dLK-CoDNM _eLK-CoDNM |
||
| 041 | _aeng | ||
| 080 |
_a8 _bGG16 |
||
| 100 | _aParsons,Elsie Clews. | ||
| 245 | _aPueblo Indian Religion | ||
| 260 |
_bUniversity of Chicago Press _aChicago _c1939 |
||
| 300 | _b1275p. : ill ; 20 cm | ||
| 942 | _cBK | ||
| 999 |
_c99253 _d99253 |
||